000
00306nam a22001457a 4500
003
SGT
082
_a
612
_b
T14G
100
_a
GEETHA, N
245
_a
TEXT BOOK OF MEDICAL PHYSIOLOGY
250
_a
3RD
260
_a
DELHI
_b
PARAS MEDICAL
_c
2014
300
_a
793
650
_a
PHYSIOLOGY
942
_2
ddc
_c
BK
_0
1
999
_c
8375
_d
8375